| 000 | 00652nam a22002177a 4500 | ||
|---|---|---|---|
| 999 |
_c9190 _d9190 |
||
| 003 | AR-CdUCM | ||
| 008 | 190327b ||||| |||| 00| 0 spa d | ||
| 040 |
_aMUNICIPALIDAD PROVINCIAL DEL CUSCO _cBIBLIOTECA MUNICIPAL DEL CUSCO |
||
| 082 |
_a869.58 / _bV39 |
||
| 100 |
_aVega, Alberto _910125 |
||
| 245 | _aTierra interna / | ||
| 260 |
_aArequipa : _bUniversitaria de Arequipa. _c1956. |
||
| 300 |
_a80 páginas ; _c21 cm. |
||
| 505 | _aContenido: Poesías. | ||
| 650 |
_aPoesías peruanas _91481 |
||
| 650 |
_aSiglo XX _98 |
||
| 650 |
_aLiteratura _983 |
||
| 700 |
_aBarreda, Guillermo (ilustración) _925246 |
||
| 942 |
_2ddc _cLIBROS |
||
| 945 | _aachl | ||